Pracovné právo Európskej únie dokumenty
Salvato in:
| Altri autori: | |
|---|---|
| Natura: | Libro |
| Lingua: | slovacco |
| Pubblicazione: |
Krakov
Spolok Slovákov v Poľsku
2015
|
| Soggetti: | |
| Tags: |
Nessun Tag, puoi essere il primo ad aggiungerne!!
|
MARC
| LEADER | 00000nam a2200000 4500 | ||
|---|---|---|---|
| 001 | 0213313 | ||
| 005 | 20240318125749.3 | ||
| 020 | |a 978-83-7490-819-1 | ||
| 041 | 0 | |a slo | |
| 044 | |a PL | ||
| 245 | 1 | 0 | |a Pracovné právo Európskej únie |b dokumenty |c Viktor Križan (ed.) |
| 264 | 1 | |a Krakov |b Spolok Slovákov v Poľsku |c 2015 | |
| 300 | |a 400 s. | ||
| 610 | 2 | 0 | |a právo pracovné |
| 610 | 2 | 0 | |a zmluvy medzinárodné |
| 610 | 2 | 0 | |a pohyb síl pracovných medzinárodný |
| 610 | 2 | 0 | |a smernice |
| 610 | 2 | 0 | |a vzťahy pracovnoprávne |
| 610 | 2 | 0 | |a ochrana zdravia |
| 610 | 2 | 0 | |a bezpečnosť práce |
| 610 | 2 | 0 | |a zamestnanci |
| 610 | 2 | 0 | |a ochrana sociálna |
| 610 | 2 | 0 | |a čas pracovný |
| 610 | 2 | 0 | |a agentúry |
| 610 | 2 | 0 | |a podnik |
| 610 | 2 | 0 | |a reštrukturalizácia |
| 610 | 2 | 0 | |a dovolenka |
| 610 | 2 | 0 | |a Európska únia |
| 700 | 1 | |a Križan, Viktor | |